000 00454nam a22001575i 4500
001 48612
003 ES-MaACL
007 t|
008 950726s1900 sp ||||1| spa d
040 _aCAM
_bspa
_cCAM
100 1 _aDevolx y García, José.
_944021
245 1 0 _aOdas y leyendas /
_cpor José Devolx y García.
260 _aMadrid :
_b[s.n.],
_c1900 (
_fImprenta de S. Francisco de Sales)
300 _a298 p. ;
_c22 cm.
852 _aES-MaACL
_jG-12729
999 _c48612
_d48612